En Yakın Altı Ülke - Gürcistan - Statistics

General Stats
  • This quiz has been taken 305 times
  • The average score is 5 of 6
Answer Stats
km ülke % Correct
0 Türkiye
97%
0 Azerbaycan
91%
0 Ermenistan
90%
0 Rusya
89%
189 İran
60%
417 Ukrayna
29%
No matching quizzes found
Score Distribution
Percent of People with Each Score
Percentile by Number Answered
Your Score History
You have not taken this quiz